000 00509nam a22001697a 4500
005 20251108165032.0
008 250721s1984 xx 000 0 ara d
082 1 4 _a956.203/طاه
100 1 _aالعدوان، طاهر خلف
245 1 0 _aالفلسطينيون بين حربين :
_bحرب الكاتيوشا و حصار بيروت /
264 1 _aعمان :
_c1984.
300 _a149ص
650 1 7 _aتاريخ لبنان
650 1 7 _aغزو لبنان 1982
942 _2ddc
_cBK
999 _c20513
_d20513